TV Show from Fictional Town Quiz Stats

Quiz Updated Jan 12, 2015

Challenge
Share
Tweet
Embed
Score 0/34 Timer 07:00
1 Play Today
Location TV Show % Correct
Gotham CityBatman
80.4%
Mayberry, NCThe Andy Griffith Show
45.3%
Port Charles, NYGeneral Hospital
43.6%
Bayside, CASaved by the Bell
43.3%
Point Place, WIThat 70's Show
39.8%
Stars Hollow, CTGilmore Girls
37.3%
SalemDays of Our Lives
37%
Sunnydale, CABuffy the Vampire Slayer
35.2%
Pine Valley, PAAll My Children
30.1%
Bon Temps, LATrue Blood
28.9%
Lanford, ILRoseanne
27.5%
Pawnee, INParks and Recreation
26.9%
Dillon, TXFriday Night Lights
26.2%
Cicely, AKNorthern Exposure
25.3%
Capeside, MADawson's Creek
25%
Cabot Cove, MEMurder, She Wrote
21%
Oakdale, ILAs the World Turns
21%
Location TV Show % Correct
HootervilleGreen Acres/Petticoat Junction
21%
Llanview, PAOne Life to Live
19.9%
Agrestic, CAWeeds
17%
Neptune, CAVeronica Mars
14.8%
Mystic Falls, VAVampire Diaries
13.6%
Stuckyville, OHEd
12.7%
Westbridge, MASabrina, the Teenage Witch
12.4%
Glen Oak, CA7th Heaven
7.9%
Orson, INThe Middle
7.8%
Rutherford, OH3rd Rock from the Sun
5.5%
Dunn's River, CTSoap
5.4%
Collinsport, MEDark Shadows
5.4%
Elmo, AKMen in Trees
4.5%
Playa Linda, CASummerland
1.8%
Blue Cove, DEThe Pretender
1.5%
San Pueblo, CAThe Partridge Family
1.4%
Glenlawn, CAGimme a Break
1.1%

You're not logged in!

Compare scores with friends on all Sporcle quizzes.
Join for Free
OR
Log In

You Might Also Like...

Show Comments

Extras

Top Quizzes Today


Score Distribution

Your Account Isn't Verified!

In order to create a playlist on Sporcle, you need to verify the email address you used during registration. Go to your Sporcle Settings to finish the process.

Report this User

Report this user for behavior that violates our Community Guidelines.

Details: